[Event "OP-2013-0-02763"]
[Site "LSS email"]
[Date "2013.05.03"]
[Round "?"]
[White "Truck, Antoine"]
[Black "Pech, Jaroslav Sr"]
[Result "0-1"]
[WhiteElo "1030"]
[BlackElo "1611"]
[PlyCount "20"]
[EventDate "2013.04.30"]
[EventType "tourn (corr)"]
[EventRounds "4"]
[EventCountry "GER"]
[SourceTitle "Corr 2022"]
[Source "ChessBase"]
[SourceDate "2021.10.24"]
[SourceVersion "1"]
[SourceVersionDate "2021.10.24"]
[SourceQuality "1"]

1. e4 c5 2. Nf3 Nc6 3. Bb5 e6 4. 0-0 Nge7 5. Nc3 a6 6. Bd3 Nd4 7. Nxd4 cxd4 8. Ne2 Nc6 9. a3 Be7 10. b4 Ne5 0-1

[Event "OP-2013-0-02761"]
[Site "LSS email"]
[Date "2013.05.02"]
[Round "?"]
[White "Ederer, Karel"]
[Black "Truck, Antoine"]
[Result "1-0"]
[WhiteElo "2005"]
[BlackElo "773"]
[PlyCount "33"]
[EventDate "2013.04.28"]
[EventType "tourn (corr)"]
[EventRounds "4"]
[EventCountry "GER"]
[SourceTitle "Telechess CBM 167"]
[Source "ChessBase"]
[SourceDate "2015.07.13"]
[SourceVersion "1"]
[SourceVersionDate "2015.07.13"]
[SourceQuality "1"]

1. e4 e5 2. f4 Nc6 3. Nf3 exf4 4. d4 d6 5. Bxf4 Nf6 6. Nc3 d5 7. exd5 Nxd5 8. Nxd5 Qxd5 9. Bxc7 Be7 10. c3 0-0 11. Bd3 Re8 12. 0-0 Bd6 13. Bxd6 Qxd6 14. Ng5 f6 15. Qh5 Be6 16. Rae1 fxg5 17. Qxh7# 1-0

[Event "OP-2013-0-02763"]
[Site "LSS email"]
[Date "2013.05.02"]
[Round "?"]
[White "Truck, Antoine"]
[Black "Lauer, Frederic"]
[Result "0-1"]
[WhiteElo "1030"]
[BlackElo "1062"]
[PlyCount "60"]
[EventDate "2013.04.30"]
[EventType "tourn (corr)"]
[EventRounds "4"]
[EventCountry "GER"]
[SourceTitle "Corr 2022"]
[Source "ChessBase"]
[SourceDate "2021.10.24"]
[SourceVersion "1"]
[SourceVersionDate "2021.10.24"]
[SourceQuality "1"]

1. e4 c5 2. Nf3 Nc6 3. Nc3 g6 4. d3 Bg7 5. Be2 Nd4 6. a3 d6 7. Nxd4 cxd4 8. Nd5 Be6 9. c4 Nf6 10. Nxf6+ Bxf6 11. g4 Bd7 12. g5 Bg7 13. 0-0 0-0 14. b4 e5 15. b5 f5 16. exf5 Bxf5 17. Bg4 Qd7 18. Bxf5 Qxf5 19. f3 Rae8 20. Qa4 Qxd3 21. b6 axb6 22. Qb5 e4 23. f4 e3 24. Bb2 e2 25. Rfe1 Qe3+ 26. Kg2 Rxf4 27. Qd5+ Kh8 28. Kh1 Ree4 29. Rg1 Qf3+ 30. Rg2 e1R+ 0-1

[Event "OP-2013-0-02761"]
[Site "LSS email"]
[Date "2013.05.02"]
[Round "?"]
[White "Truck, Antoine"]
[Black "Vontina, Maria"]
[Result "1-0"]
[WhiteElo "773"]
[BlackElo "711"]
[PlyCount "57"]
[EventDate "2013.04.28"]
[EventType "tourn (corr)"]
[EventRounds "4"]
[EventCountry "GER"]
[SourceTitle "Telechess CBM 167"]
[Source "ChessBase"]
[SourceDate "2015.07.13"]
[SourceVersion "1"]
[SourceVersionDate "2015.07.13"]
[SourceQuality "1"]

1. e4 e6 2. e5 d5 3. d4 c5 4. Nf3 Nc6 5. dxc5 Bxc5 6. Nc3 Nge7 7. Bb5 Ng6 8. 0-0 0-0 9. Na4 Be7 10. b3 a6 11. Bxc6 bxc6 12. Nd4 c5 13. Nf3 Bd7 14. c4 Bxa4 15. bxa4 d4 16. Ne1 Rb8 17. Nd3 Qc7 18. f4 Rfc8 19. Qe1 Rb7 20. g3 Rcb8 21. Bd2 Qc6 22. g4 Qxa4 23. f5 exf5 24. gxf5 Nf8 25. f6 Bd8 26. Nxc5 Qxc4 27. Nxb7 Bb6 28. Nd6 d3+ 29. Be3 1-0

[Event "ZN-2013-0-02283"]
[Site "LSS email"]
[Date "2013.04.25"]
[Round "?"]
[White "Truck, Antoine"]
[Black "Lauer, Fredric"]
[Result "0-1"]
[WhiteElo "774"]
[BlackElo "989"]
[PlyCount "64"]
[EventDate "2013.04.19"]
[EventType "match (corr)"]
[EventRounds "2"]
[EventCountry "GER"]
[SourceTitle "Telechess CBM 161"]
[Source "ChessBase"]
[SourceDate "2014.07.16"]
[SourceVersion "1"]
[SourceVersionDate "2014.07.16"]
[SourceQuality "1"]

1. e4 c5 2. Nc3 g6 3. Na4 Bg7 4. Nxc5 d6 5. Nb3 Nc6 6. d3 Nf6 7. Nf3 0-0 8. Be2 a5 9. d4 Nxe4 10. c3 a4 11. Nbd2 Nxd2 12. Bxd2 Bg4 13. Ng1 Bd7 14. Nf3 e5 15. d5 Ne7 16. 0-0 Nxd5 17. Bg5 Qa5 18. b4 axb3 19. Qxb3 Nxc3 20. Rae1 e4 21. Nh4 Nxe2+ 22. Rxe2 Qxg5 23. g3 Bb5 24. f4 exf3 25. Nxf3 Qc5+ 26. Re3 Bxf1 27. Kxf1 Rfc8 28. Qxb7 Qxe3 29. Ne1 Bd4 30. Qg2 Ra5 31. g4 Rcc5 32. Qb7 Qf2# 0-1

[Event "ZN-2013-0-02282"]
[Site "LSS email"]
[Date "2013.04.24"]
[Round "?"]
[White "Truck, Antoine"]
[Black "Novoa, Nicolas"]
[Result "1-0"]
[WhiteElo "774"]
[BlackElo "374"]
[PlyCount "61"]
[EventDate "2013.04.18"]
[EventType "match (corr)"]
[EventRounds "2"]
[EventCountry "GER"]
[SourceTitle "Telechess CBM 161"]
[Source "ChessBase"]
[SourceDate "2014.07.16"]
[SourceVersion "1"]
[SourceVersionDate "2014.07.16"]
[SourceQuality "1"]

1. e4 e5 2. Nf3 Nf6 3. Nc3 b6 4. d3 Ba6 5. Be2 Bc5 6. 0-0 Ng4 7. h3 Nh6 8. Nxe5 Nc6 9. Nxc6 dxc6 10. Bh5 g6 11. Bg4 g5 12. Be3 f5 13. Bxf5 Nf7 14. Qh5 Qd6 15. g3 Qe7 16. h4 gxh4 17. gxh4 Bb4 18. Bg5 Kf8 19. Bxe7+ Kxe7 20. e5 Rhg8+ 21. Bg4 Bc5 22. e6 Bb4 23. Qxf7+ Kd6 24. Qd7+ Kc5 25. d4+ Kc4 26. Qxc6+ Bc5 27. Qa4+ Bb4 28. f3 Rxg4+ 29. fxg4 c6 30. Rf4 b5 31. Qb3# 1-0

[Event "BI-2013-P-0000"]
[Site "LSS email"]
[Date "2013.04.22"]
[Round "?"]
[White "Kele, Karoly"]
[Black "Truck, Antoine"]
[Result "1-0"]
[WhiteElo "2009"]
[BlackElo "1075"]
[PlyCount "37"]
[EventDate "2013.04.25"]
[EventType "tourn (corr)"]
[EventRounds "10"]
[EventCountry "GER"]
[SourceTitle "Corr 2022"]
[Source "ChessBase"]
[SourceDate "2021.10.24"]
[SourceVersion "1"]
[SourceVersionDate "2021.10.24"]
[SourceQuality "1"]

1. e4 e5 2. Nf3 Nc6 3. Bb5 a6 4. Ba4 b5 5. Bb3 Nf6 6. 0-0 Nxe4 7. d4 exd4 8. Re1 Bb7 9. Rxe4+ Be7 10. Bd5 0-0 11. Nxd4 Bc5 12. Nf3 Qb8 13. Ng5 h6 14. Nxf7 Rxf7 15. Bxf7+ Kxf7 16. Qd5+ Kf6 17. Rf4+ Ke7 18. Rf7+ Kd8 19. Qxd7# 1-0

[Event "BI-2013-P-0000"]
[Site "LSS email"]
[Date "2013.04.22"]
[Round "?"]
[White "Truck, Antoine"]
[Black "Hornyak, Anthony"]
[Result "0-1"]
[WhiteElo "1075"]
[BlackElo "1423"]
[PlyCount "48"]
[EventDate "2013.04.25"]
[EventType "tourn (corr)"]
[EventRounds "10"]
[EventCountry "GER"]
[SourceTitle "Corr 2022"]
[Source "ChessBase"]
[SourceDate "2021.10.24"]
[SourceVersion "1"]
[SourceVersionDate "2021.10.24"]
[SourceQuality "1"]

1. e4 e5 2. Nc3 Nf6 3. Nf3 Nc6 4. Bb5 Nd4 5. d3 Nxb5 6. Nxb5 c6 7. Nc3 d6 8. 0-0 Be7 9. h3 0-0 10. d4 Qc7 11. d5 Ne8 12. a4 f5 13. exf5 Bxf5 14. g4 Bxc2 15. Qe2 Bb3 16. Bg5 Bxd5 17. Rac1 Bxf3 18. Qe3 Bxg5 19. Qxg5 Qf7 20. b4 Qf4 21. Qe7 Bxg4 22. hxg4 Qxg4+ 23. Kh2 Rf3 24. Ne2 Rh3# 0-1

[Event "RN-2013-0-00631"]
[Site "LSS email"]
[Date "2013.04.16"]
[Round "?"]
[White "Truck, Antoine"]
[Black "Neumann, Rudolf Phernandes O"]
[Result "1-0"]
[WhiteElo "774"]
[BlackElo "751"]
[PlyCount "53"]
[EventDate "2013.04.06"]
[EventType "tourn (corr)"]
[EventRounds "6"]
[EventCountry "GER"]
[SourceTitle "Telechess CBM 161"]
[Source "ChessBase"]
[SourceDate "2014.07.16"]
[SourceVersion "1"]
[SourceVersionDate "2014.07.16"]
[SourceQuality "1"]

1. e4 c6 2. Bc4 d5 3. exd5 cxd5 4. Bb5+ Nc6 5. Nf3 a6 6. Bxc6+ bxc6 7. 0-0 e6 8. Ne5 c5 9. d4 cxd4 10. Qxd4 Nf6 11. Nc3 Bd6 12. Nf3 Qc7 13. Bg5 Be7 14. h4 h6 15. Bf4 Qb7 16. Be5 Qxb2 17. Rab1 Qxc2 18. Qb6 0-0 19. Qc6 Bd7 20. Rfc1 Qf5 21. Qc7 Rfc8 22. Qb7 Kf8 23. Nd1 a5 24. Bxf6 Rab8 25. Qxd7 Bxf6 26. Rxc8+ Rxc8 27. Qxc8+ 1-0

[Event "ZN-2013-0-02268"]
[Site "LSS email"]
[Date "2013.04.13"]
[Round "?"]
[White "Truck, Antoine"]
[Black "Lauer, Fredric"]
[Result "0-1"]
[WhiteElo "774"]
[BlackElo "989"]
[PlyCount "90"]
[EventDate "2013.04.09"]
[EventType "match (corr)"]
[EventRounds "2"]
[EventCountry "GER"]
[SourceTitle "Telechess CBM 161"]
[Source "ChessBase"]
[SourceDate "2014.07.16"]
[SourceVersion "1"]
[SourceVersionDate "2014.07.16"]
[SourceQuality "1"]

1. e4 c5 2. Bc4 Nc6 3. Qf3 Nf6 4. d3 Ne5 5. Qg3 Nxc4 6. dxc4 d6 7. Nc3 g6 8. Bg5 Bg7 9. Bxf6 Bxf6 10. 0-0-0 Qa5 11. Nge2 Qb4 12. a3 Qxc4 13. b3 Qa6 14. a4 c4 15. Nd5 cxb3 16. Nxf6+ exf6 17. cxb3 Qxe2 18. Qxd6 Be6 19. Qb4 Rc8+ 20. Kb1 Qc2+ 21. Ka1 Bxb3 22. Rd2 Qc4 23. Qxc4 Rxc4 24. Rb1 Rxa4+ 25. Kb2 Be6 26. Kc1 b6 27. Rbb2 0-0 28. Rdc2 Rc8 29. Rxc8+ Bxc8 30. Rd2 Be6 31. Rd6 Rxe4 32. Kd2 f5 33. f3 Re5 34. Rc6 Rc5 35. Rxc5 bxc5 36. Kc3 a5 37. f4 a4 38. Kb2 c4 39. g3 h5 40. h4 Kf8 41. Ka3 c3 42. Kxa4 c2 43. Kb5 c1Q 44. Kb6 Qc4 45. Kb7 Bd5+ 0-1

[Event "ZN-2013-0-02260"]
[Site "LSS email"]
[Date "2013.04.06"]
[Round "?"]
[White "Meyer, Frank"]
[Black "Truck, Antoine"]
[Result "1-0"]
[WhiteElo "951"]
[BlackElo "774"]
[PlyCount "111"]
[EventDate "2013.04.03"]
[EventType "match (corr)"]
[EventRounds "2"]
[EventCountry "GER"]
[SourceTitle "Telechess CBM 161"]
[Source "ChessBase"]
[SourceDate "2014.07.16"]
[SourceVersion "1"]
[SourceVersionDate "2014.07.16"]
[SourceQuality "1"]

1. b4 e5 2. b5 e4 3. Bb2 Qg5 4. a4 a5 5. c4 Bb4 6. e3 Nf6 7. Ne2 0-0 8. Na3 c6 9. Nc2 c5 10. Nxb4 cxb4 11. Ng3 h6 12. d3 exd3 13. Bxd3 b6 14. 0-0 Qh4 15. Qf3 Ng4 16. h3 Ra7 17. Qxg4 Qxg4 18. hxg4 d6 19. f3 Nd7 20. Bd4 Bb7 21. Rfd1 Re8 22. Be4 Bxe4 23. Nxe4 Rc7 24. Rab1 Re6 25. Rbc1 b3 26. Rd3 b2 27. Bxb2 Nc5 28. Nxc5 Rxc5 29. e4 g5 30. Kf2 Kf8 31. Ba3 Rc8 32. Bxd6+ Kg8 33. Bg3 Kf8 34. Ke3 f6 35. Rd6 Kf7 36. Rxe6 Kxe6 37. Kd3 Rd8+ 38. Kc3 Rd7 39. Bf2 Rb7 40. Rd1 Rb8 41. Bg3 Rc8 42. Rd6+ Ke7 43. Rxb6 Rd8 44. Rd6 Rxd6 45. Bxd6+ Kxd6 46. Kd4 Ke6 47. Kc5 Kd7 48. Kb6 Kc8 49. Ka7 Kc7 50. b6+ Kc6 51. b7 Kc5 52. b8Q Kxc4 53. Qd6 Kb3 54. Qd4 Ka3 55. Ka6 f5 56. Kxa5 1-0

[Event "ZN-2013-0-02259"]
[Site "LSS email"]
[Date "2013.04.06"]
[Round "?"]
[White "Truck, Antoine"]
[Black "Meyer, Frank"]
[Result "0-1"]
[WhiteElo "774"]
[BlackElo "951"]
[PlyCount "102"]
[EventDate "2013.04.03"]
[EventType "match (corr)"]
[EventRounds "2"]
[EventCountry "GER"]
[SourceTitle "Telechess CBM 161"]
[Source "ChessBase"]
[SourceDate "2014.07.16"]
[SourceVersion "1"]
[SourceVersionDate "2014.07.16"]
[SourceQuality "1"]

1. e4 e5 2. Qf3 Nf6 3. d3 d6 4. Bg5 Be7 5. Bxf6 Bxf6 6. Nc3 0-0 7. Nd5 c6 8. Nxf6+ Qxf6 9. 0-0-0 Qg6 10. Ne2 Na6 11. a3 Nc5 12. Ng3 Bg4 13. Nf5 Bxf3 14. Ne7+ Kh8 15. Nxg6+ fxg6 16. gxf3 Rxf3 17. Rd2 Raf8 18. d4 exd4 19. Bg2 Rxf2 20. Rxf2 Rxf2 21. Rf1 Rxf1+ 22. Bxf1 Nxe4 23. Kd1 Kg8 24. Ke2 Nf6 25. Kd3 c5 26. Kc4 Kf7 27. Kb5 h5 28. h4 Ke6 29. Bg2 Nd5 30. a4 Nc7+ 31. Kc4 d5+ 32. Kxc5 d3 33. cxd3 Ke5 34. d4+ Ke6 35. Bh3+ Ke7 36. Bc8 Ne6+ 37. Kxd5 Nf4+ 38. Ke4 Ng2 39. Bxb7 Nxh4 40. Ke5 Nf5 41. b4 h4 42. Bg2 Ne3 43. Bh3 g5 44. Ke4 Nc2 45. b5 g6 46. a5 Kd6 47. d5 Nb4 48. b6 axb6 49. axb6 Na6 50. Bc8 Nb8 51. Kd4 Nd7 0-1

[Event "ZN-2013-0-02260"]
[Site "LSS email"]
[Date "2013.04.06"]
[Round "?"]
[White "Truck, Antoine"]
[Black "Meyer, Frank"]
[Result "1-0"]
[WhiteElo "774"]
[BlackElo "951"]
[PlyCount "49"]
[EventDate "2013.04.03"]
[EventType "match (corr)"]
[EventRounds "2"]
[EventCountry "GER"]
[SourceTitle "Telechess CBM 161"]
[Source "ChessBase"]
[SourceDate "2014.07.16"]
[SourceVersion "1"]
[SourceVersionDate "2014.07.16"]
[SourceQuality "1"]

1. e4 e5 2. Qf3 Qf6 3. Nc3 Qxf3 4. Nxf3 d6 5. Nd5 c6 6. Nc7+ Kd7 7. Nxa8 b5 8. Ng5 Nh6 9. d3 f6 10. Nf3 Bb7 11. Bxh6 gxh6 12. Nh4 Bxa8 13. Nf5 Na6 14. 0-0-0 Nc5 15. d4 Nxe4 16. Rg1 Nxf2 17. Rd2 Ne4 18. Re2 Ng5 19. dxe5 fxe5 20. h4 Nf7 21. g4 Ke6 22. Bh3 c5 23. Rf2 Be7 24. Ng7+ Kd5 25. Rxf7 1-0

[Event "OP-2013-0-02635"]
[Site "LSS email"]
[Date "2013.02.10"]
[Round "?"]
[White "Truck, Antoine"]
[Black "Lenz, Juergen"]
[Result "0-1"]
[WhiteElo "774"]
[BlackElo "1083"]
[PlyCount "94"]
[EventDate "2013.02.08"]
[EventType "tourn (corr)"]
[EventRounds "4"]
[EventCountry "GER"]
[SourceTitle "Telechess CBM 161"]
[Source "ChessBase"]
[SourceDate "2014.07.16"]
[SourceVersion "1"]
[SourceVersionDate "2014.07.16"]
[SourceQuality "1"]

1. e4 e6 2. Nf3 d5 3. e5 c5 4. c3 Ne7 5. Ng5 Nf5 6. c4 Qxg5 7. d3 Qd8 8. g4 Nd4 9. Nc3 dxc4 10. dxc4 Nbc6 11. Be3 Be7 12. Bd2 Qc7 13. Be3 Qxe5 14. Bg2 0-0 15. 0-0 Rd8 16. Re1 Qc7 17. Bxd4 Nxd4 18. Re3 Nf5 19. Rd3 Rxd3 20. Qxd3 Nd4 21. Rd1 Bd7 22. Be4 h6 23. b4 Rd8 24. bxc5 Bxc5 25. g5 Qe5 26. gxh6 Qg5+ 27. Bg2 Qxh6 28. Nb5 Bc6 29. Bxc6 Nxc6 30. Qb1 Qg5+ 31. Kf1 Rxd1+ 32. Qxd1 Qf4 33. Qe2 Qxh2 34. Ke1 a6 35. Nc3 Qh1+ 36. Kd2 Nd4 37. Qe5 Nf3+ 38. Kc2 Nxe5 39. f4 Qg2+ 40. Kb3 Nd3 41. Na4 Nc1+ 42. Kc3 Nxa2+ 43. Kb3 Bd4 44. c5 Qd5+ 45. Kc2 Qc4+ 46. Kb1 Qxa4 47. c6 Qb3# 0-1

[Event "ZN-2013-0-02199"]
[Site "LSS email"]
[Date "2013.02.06"]
[Round "?"]
[White "Truck, Antoine"]
[Black "Lombardi, Donato"]
[Result "0-1"]
[WhiteElo "929"]
[BlackElo "811"]
[PlyCount "42"]
[EventDate "2013.01.31"]
[EventType "match (corr)"]
[EventRounds "2"]
[EventCountry "GER"]
[SourceTitle "Telechess CBM 159"]
[Source "ChessBase"]
[SourceDate "2014.03.17"]
[SourceVersion "1"]
[SourceVersionDate "2014.03.17"]
[SourceQuality "1"]

1. e4 e6 2. d4 d5 3. e5 c5 4. Nf3 cxd4 5. Qxd4 Nc6 6. Qa4 Bd7 7. Nc3 Nxe5 8. Qf4 Nxf3+ 9. Qxf3 Nf6 10. Be2 Bb4 11. 0-0 Bc6 12. Qg3 Bxc3 13. Qxc3 0-0 14. f3 Rc8 15. Qb3 Qd6 16. f4 Ne4 17. f5 Qc5+ 18. Kh1 Nf2+ 19. Kg1 Nh3+ 20. Kh1 Qg1+ 21. Rxg1 Nf2# 0-1

[Event "ZN-2013-0-02184"]
[Site "LSS email"]
[Date "2013.01.22"]
[Round "?"]
[White "Truck, Antoine"]
[Black "Holmquist, Marson C"]
[Result "1/2-1/2"]
[WhiteElo "880"]
[BlackElo "557"]
[PlyCount "24"]
[EventDate "2013.01.18"]
[EventType "match (corr)"]
[EventRounds "2"]
[EventCountry "GER"]
[SourceTitle "Corr 2015"]
[Source "ChessBase"]
[SourceDate "2015.07.17"]
[SourceVersion "1"]
[SourceVersionDate "2015.07.17"]
[SourceQuality "1"]

1. e4 c5 2. Bc4 e6 3. Qf3 Be7 4. Nc3 d6 5. Nge2 Nf6 6. 0-0 0-0 7. d3 e5 8. h3 a6 9. Qg3 Nh5 10. Qf3 Nf6 11. Qg3 Nh5 12. Qf3 Nf6 1/2-1/2

[Event "OP-2013-0-02586"]
[Site "LSS email"]
[Date "2013.01.21"]
[Round "?"]
[White "Dlugolecki, Grzegorz"]
[Black "Truck, Antoine"]
[Result "1-0"]
[WhiteElo "1637"]
[BlackElo "880"]
[PlyCount "35"]
[EventDate "2013.01.11"]
[EventType "tourn (corr)"]
[EventRounds "4"]
[EventCountry "GER"]
[SourceTitle "Corr 2015"]
[Source "ChessBase"]
[SourceDate "2015.07.17"]
[SourceVersion "1"]
[SourceVersionDate "2015.07.17"]
[SourceQuality "1"]

1. e4 e5 2. Nf3 Nc6 3. Bc4 Nf6 4. d4 exd4 5. 0-0 Bc5 6. e5 Ne4 7. Qe2 d5 8. exd6 f5 9. Nbd2 Qxd6 10. Re1 Qe7 11. Nxe4 fxe4 12. Bg5 exf3 13. Qxf3 Ne5 14. Rxe5 Rf8 15. Rxe7+ Bxe7 16. Qh5+ g6 17. Qe2 Be6 18. Qxe6 1-0

[Event "OP-2013-0-02588"]
[Site "LSS email"]
[Date "2013.01.14"]
[Round "?"]
[White "Ballarin, Alessandro"]
[Black "Truck, Antoine"]
[Result "0-1"]
[WhiteElo "965"]
[BlackElo "774"]
[PlyCount "20"]
[EventDate "2013.01.12"]
[EventType "tourn (corr)"]
[EventRounds "4"]
[EventCountry "GER"]
[SourceTitle "Corr 2015"]
[Source "ChessBase"]
[SourceDate "2015.07.17"]
[SourceVersion "1"]
[SourceVersionDate "2015.07.17"]
[SourceQuality "1"]

1. d4 d5 2. c4 dxc4 3. Nc3 Nf6 4. Qa4+ Nc6 5. Qxc4 Nxd4 6. Nb5 Nc6 7. Nf3 Be6 8. Qf4 Nd5 9. Qg3 a6 10. Nbd4 Ndb4 0-1

[Event "ZN-2013-0-02172"]
[Site "LSS email"]
[Date "2013.01.14"]
[Round "?"]
[White "Truck, Antoine"]
[Black "Vaculik, Jakub"]
[Result "1-0"]
[WhiteElo "924"]
[BlackElo "893"]
[PlyCount "43"]
[EventDate "2013.01.10"]
[EventType "match (corr)"]
[EventRounds "2"]
[EventCountry "GER"]
[SourceTitle "Telechess CBM 163"]
[Source "ChessBase"]
[SourceDate "2014.11.11"]
[SourceVersion "2"]
[SourceVersionDate "2014.11.11"]
[SourceQuality "1"]

1. d4 d5 2. Nc3 e6 3. Nf3 Nc6 4. e4 Bb4 5. Qd2 Nge7 6. a3 Bxc3 7. Qxc3 0-0 8. e5 Nf5 9. h4 Bd7 10. Bd3 Qe7 11. Bg5 f6 12. exf6 gxf6 13. Bf4 Rac8 14. 0-0-0 e5 15. dxe5 fxe5 16. Bxe5 Nxe5 17. Nxe5 d4 18. Bc4+ Kg7 19. Rxd4 Nxd4 20. Qxd4 Qf6 21. Qxd7+ Kh8 22. Nf7+ 1-0

[Event "OP-2013-0-02586"]
[Site "LSS email"]
[Date "2013.01.13"]
[Round "?"]
[White "Truck, Antoine"]
[Black "Lauer, Fredric"]
[Result "1-0"]
[WhiteElo "880"]
[BlackElo "960"]
[PlyCount "87"]
[EventDate "2013.01.11"]
[EventType "tourn (corr)"]
[EventRounds "4"]
[EventCountry "GER"]
[SourceTitle "Telechess CBM 159"]
[Source "ChessBase"]
[SourceDate "2014.03.17"]
[SourceVersion "1"]
[SourceVersionDate "2014.03.17"]
[SourceQuality "1"]
[BlackTeam "IWEC (Canada)"]

1. e4 c5 2. d3 Nc6 3. Qh5 e6 4. Be3 Nf6 5. Qg5 h6 6. Qh4 Be7 7. Bg5 d5 8. exd5 exd5 9. Nc3 d4 10. Nce2 Nd5 11. Bxe7 Qxe7 12. Qe4 Qxe4 13. dxe4 Ndb4 14. 0-0-0 Nxa2+ 15. Kb1 Nab4 16. Nf3 Be6 17. c3 d3 18. Nf4 Bb3 19. Re1 Nc2 20. Rc1 c4 21. Nd5 0-0 22. Nd2 Ne5 23. f4 Ng4 24. Bxd3 Nf2 25. Bxc2 Bxc2+ 26. Kxc2 Nxh1 27. Rxh1 b5 28. Nf3 Rfd8 29. Ne7+ Kf8 30. Nc6 Rd6 31. Nce5 f6 32. Ng6+ Kf7 33. f5 a5 34. e5 fxe5 35. Ngxe5+ Kf6 36. g4 Re8 37. Re1 Red8 38. Nd4 Rd5 39. Nec6 R8d6 40. Re6+ Rxe6 41. fxe6 b4 42. e7 Kf7 43. Ne6 b3+ 44. Kc1 1-0